000
00267nam a22001097a 4500
008
170125b xxu||||| |||| 00| 0 eng d
020
_a
9780941406291
041
_a
eng
080
_2
6TH
_a
61
245
_a
COMPLETE PREPARATION FOR THE MCAT
_c
HASSAN, A.S
942
_2
udc
_c
BK
999
_c
3667
_d
3667